| 000 | 01609nam a2200361 i 4500 | ||
|---|---|---|---|
| 999 |
_c4024 _d4024 |
||
| 001 | 97000673 /AC | ||
| 003 | WaOLN | ||
| 005 | 20241224075714.0 | ||
| 008 | 190709t20071997nyu d 000 1 eng d | ||
| 020 | _a9780440238140 | ||
| 040 |
_aDLC _cDLC _dDLC _dCaOL _dKH8 _erda |
||
| 082 | _aFIC PUL | ||
| 100 | 1 |
_aPullman, Philip, _d1946- _eauthor. |
|
| 245 | 1 | 4 |
_aThe subtle knife / _cPhilip Pullman. |
| 264 | 1 |
_aNew York : _bLaurel-Leaf Books _c2007. |
|
| 264 | 4 | _c©1997. | |
| 300 |
_a288 pages : _c18 cm. |
||
| 336 |
_atext _2rdacontent. |
||
| 337 |
_aunmediated _2rdamedia. |
||
| 338 |
_avolume _2rdacarrier. |
||
| 490 | 1 |
_aHis dark materials ; _vbook two. |
|
| 520 | _a"Lost in a new world, Lyra finds Will—a boy on the run, a murderer—a worthy and welcome ally. For this is a world where soul-eating Specters stalk the streets and witches share the skies with troops of angels. Each is searching—Lyra for the meaning of Dark Matter, Will for his missing father—but what they find instead is a deadly secret, a knife of untold power. And neither Lyra nor Will suspects how tightly their lives, their loves, their destinies are bound together...until they are split apart."--Publisher. | ||
| 600 | 1 | 0 |
_aBelacqua, Lyra (Fictitious character) _vFiction. |
| 650 | 0 |
_aFamiliars (Spirits) _vFiction. |
|
| 650 | 0 |
_aImaginary places _vFiction. |
|
| 650 | 0 |
_aQuests (Expeditions) _vFiction. |
|
| 650 | 0 |
_aMagic _vFiction. |
|
| 650 | 0 |
_aWitches _vFiction. |
|
| 650 | 7 |
_aFantasy fiction. _2genre. |
|
| 650 | 7 |
_aSteampunk fiction. _2genre. |
|
| 830 | 0 |
_aHis dark materials ; _v2. |
|
| 942 |
_2ddc _cFIC |
||